[Event "2. Bundesliga Mitte 2016/2017"]
[Site "Leoben, Wolfsberg/Taufkirchen/Fuerstenfeld, Grieskirchen, St. Veit"]
[Date "2016.10.08"]
[Round "2"]
[Board "1"]
[White "Nemeth, Miklos"]
[Black "Fahrner, Kurt"]
[Result "0-1"]
[WhiteElo "2452"]
[BlackElo "2276"]
[PlyCount "142"]
[EventDate "2016.10.07"]
[EventType "team"]
[EventRounds "11"]
[EventCountry "AUT"]
[WhiteTeam "Leoben"]
[BlackTeam "ESV Austria Graz"]

1.e4 e6 2.d4 d5 3.Nd2 Nc6 4.Ngf3 Nf6 5.e5 Nd7 6.Nb3 a5 7.a4 b6 8.Bb5 Na7 9.O-O Nxb5
10.axb5 Be7 11.Bf4 c6 12.bxc6 Nb8 13.Bg5 Nxc6 14.Bxe7 Qxe7 15.Qd2 O-O 16.Rfe1 Bd7
17.Nc1 f5 18.exf6 Rxf6 19.Ne5 Nxe5 20.Rxe5 Raf8 21.Nd3 Bb5 22.f3 Bxd3 23.Qxd3 Qb4
24.Rb1 Rc8 25.c3 Qb3 26.Qe2 Rxc3 27.Rxe6 Rc2 28.Re8+ Kf7 29.Re7+ Kf8 30.Re8+ Kf7 31.Qe7+
Kg6 32.Qe1 h6 33.Qd1 a4 34.h4 Rfc6 35.Qe1 Qd3 36.Qe5 Kh7 37.h5 Rxg2+ 38.Kxg2 Qxb1
39.Rh8+ Kxh8 40.Qe8+ Kh7 41.Qxc6 Qxb2+ 42.Kg3 Qb1 43.Qxa4 Qg1+ 44.Kh3 Qh1+ 45.Kg3
Qxh5 46.Qd7 Qg5+ 47.Kh3 h5 48.Qf7 h4 49.Kh2 Kh6 50.Qe6+ g6 51.Qf7 Qf5 52.Qg8 Qf4+
53.Kg2 Qg3+ 54.Kh1 Qxf3+ 55.Kh2 Qf2+ 56.Kh1 Qxd4 57.Qf8+ Kg5 58.Qd8+ Kg4 59.Qd7+ Kf3
60.Qh3+ Ke2 61.Qh2+ Ke1 62.Qh3 g5 63.Qa3 Ke2 64.Qa2+ Qd2 65.Qa6+ Qd3 66.Qa2+ Ke3 67.Qa1
g4 68.Qg1+ Kf4 69.Qc1+ Kf3 70.Qe1 Qe4 71.Qd2 Qb1+ 0-1

[Event "2. Bundesliga Mitte 2016/2017"]
[Site "Leoben, Wolfsberg/Taufkirchen/Fuerstenfeld, Grieskirchen, St. Veit"]
[Date "2016.10.08"]
[Round "2"]
[Board "2"]
[White "Karner, Christoph"]
[Black "Baumegger, Siegfried"]
[Result "1-0"]
[WhiteElo "2283"]
[BlackElo "2444"]
[PlyCount "49"]
[EventDate "2016.10.07"]
[EventType "team"]
[EventRounds "11"]
[EventCountry "AUT"]
[WhiteTeam "ESV Austria Graz"]
[BlackTeam "Leoben"]

1.d4 Nf6 2.Nf3 e6 3.g3 b6 4.Bg2 Bb7 5.c4 g6 6.Nc3 Ne4 7.d5 Nxc3 8.Qd4 f6 9.Qxc3 exd5
10.cxd5 Bxd5 11.O-O Nc6 12.Rd1 Be4 13.Ng5 Bxg2 14.Ne6 Qc8 15.Qxf6 Rg8 16.Ng5 Rg7 17.Kxg2
Qd8 18.Qf4 Bd6 19.Rxd6 cxd6 20.Ne4 Qe7 21.Nf6+ Kd8 22.Nd5 Qe8 23.Qxd6 Qe4+ 24.Kg1
Qf5 25.Bg5+ 1-0

[Event "2. Bundesliga Mitte 2016/2017"]
[Site "Leoben, Wolfsberg/Taufkirchen/Fuerstenfeld, Grieskirchen, St. Veit"]
[Date "2016.10.08"]
[Round "2"]
[Board "3"]
[White "Enoeckl, Philipp"]
[Black "Kotz, Heinz Peter"]
[Result "1/2-1/2"]
[WhiteElo "2289"]
[BlackElo "2267"]
[PlyCount "84"]
[EventDate "2016.10.07"]
[EventType "team"]
[EventRounds "11"]
[EventCountry "AUT"]
[WhiteTeam "Leoben"]
[BlackTeam "ESV Austria Graz"]

1.d4 Nf6 2.c4 g6 3.Nc3 Bg7 4.e4 d6 5.Be2 O-O 6.Nf3 Na6 7.O-O e5 8.Re1 Qe8 9.dxe5 dxe5
10.b3 Nc5 11.Qc2 c6 12.Ba3 b6 13.h3 Nh5 14.Na4 Qe7 15.Nxc5 bxc5 16.Qd2 Re8 17.Qa5
Bf8 18.Rad1 Nf4 19.Rd2 h5 20.Red1 Qf6 21.Bf1 Ne6 22.Rd3 Nf4 23.Re3 Ne6 24.Ne1 Bh6
25.Red3 Ng5 26.Rd8 Be6 27.Rxa8 Rxa8 28.Bd3 Bxh3 29.Qxc5 Bg4 30.Rb1 Re8 31.Bb2 h4 32.Bc1
h3 33.Bxg5 Qxg5 34.Bf1 Qf4 35.Nd3 Qxe4 36.Re1 Qf5 37.Rxe5 Rxe5 38.Qxe5 hxg2 39.Kxg2
Bf3+ 40.Kg1 Qg4+ 41.Qg3 Qxg3+ 42.fxg3 Be3+ 1/2-1/2

[Event "2. Bundesliga Mitte 2016/2017"]
[Site "Leoben, Wolfsberg/Taufkirchen/Fuerstenfeld, Grieskirchen, St. Veit"]
[Date "2016.10.08"]
[Round "2"]
[Board "4"]
[White "Spindelboeck, Gernot"]
[Black "Dietmayer-Kraeutler, Marco"]
[Result "1-0"]
[WhiteElo "2296"]
[BlackElo "2244"]
[PlyCount "109"]
[EventDate "2016.10.07"]
[EventType "team"]
[EventRounds "11"]
[EventCountry "AUT"]
[WhiteTeam "ESV Austria Graz"]
[BlackTeam "Leoben"]

1.d4 d5 2.c4 e6 3.Nf3 Nf6 4.g3 dxc4 5.Bg2 b5 6.a4 c6 7.axb5 cxb5 8.Ne5 Nd5 9.Nc3 Bb4
10.O-O Bxc3 11.e4 Nb6 12.bxc3 O-O 13.Ba3 Re8 14.Qh5 Qf6 15.f4 g6 16.Ng4 Qg7 17.Qxb5
Bd7 18.Qg5 Nc6 19.Nf6+ Kh8 20.Nxe8 Rxe8 21.Bc5 h6 22.Qh4 Kg8 23.g4 g5 24.fxg5 hxg5
25.Qf2 Nc8 26.h3 N8e7 27.Bxe7 Rxe7 28.Qf6 Be8 29.Qxg7+ Kxg7 30.Rf2 Rb7 31.Rfa2 Rb3
32.Ra3 a5 33.Bf1 a4 34.Bxc4 Rb2 35.R3a2 Rb7 36.Rxa4 Rb2 37.R4a2 Rb7 38.Bd3 Rb3 39.Ra3
Rb2 40.R1a2 Rb7 41.Kf2 Bd7 42.Ke3 Rb8 43.e5 Rh8 44.Rh2 f5 45.exf6+ Kxf6 46.Bb5 Nb8
47.Bxd7 Nxd7 48.Rf2+ Ke7 49.Rf3 Nb6 50.Kd3 Nd5 51.c4 Nf4+ 52.Ke4 Rc8 53.Rxf4 gxf4
54.c5 Rd8 55.Rf3 1-0

[Event "2. Bundesliga Mitte 2016/2017"]
[Site "Leoben, Wolfsberg/Taufkirchen/Fuerstenfeld, Grieskirchen, St. Veit"]
[Date "2016.10.08"]
[Round "2"]
[Board "5"]
[White "Sandner, Wolfgang"]
[Black "Aschenbrenner, Robert"]
[Result "1-0"]
[WhiteElo "2256"]
[BlackElo "2201"]
[PlyCount "65"]
[EventDate "2016.10.07"]
[EventType "team"]
[EventRounds "11"]
[EventCountry "AUT"]
[WhiteTeam "Leoben"]
[BlackTeam "ESV Austria Graz"]

1.e4 e6 2.d3 d5 3.Nd2 c5 4.Ngf3 Nf6 5.g3 g6 6.Bg2 Bg7 7.O-O O-O 8.Nh4 Nc6 9.f4 a5
10.e5 Nd7 11.c3 a4 12.Qe1 b5 13.Ndf3 Ba6 14.Qd1 f6 15.exf6 Qxf6 16.a3 Kh8 17.Re1 Bb7
18.Bh3 Rae8 19.Be3 d4 20.Bd2 Nb6 21.Ng5 e5 22.Ne4 Qe7 23.f5 Bc8 24.Bg5 Qc7 25.Nxg6+
hxg6 26.fxg6 Kg8 27.Qh5 Bh8 28.Bxc8 Rxc8 29.Rf1 Nd5 30.Nd6 Bf6 31.Nxc8 Bxg5 32.Rxf8+
Kxf8 33.Qh8# 1-0

[Event "2. Bundesliga Mitte 2016/2017"]
[Site "Leoben, Wolfsberg/Taufkirchen/Fuerstenfeld, Grieskirchen, St. Veit"]
[Date "2016.10.08"]
[Round "2"]
[Board "6"]
[White "Schrittwieser, Herbert"]
[Black "Schein, Karl-Heinz"]
[Result "1-0"]
[WhiteElo "2165"]
[BlackElo "2186"]
[PlyCount "83"]
[EventDate "2016.10.07"]
[EventType "team"]
[EventRounds "11"]
[EventCountry "AUT"]
[WhiteTeam "ESV Austria Graz"]
[BlackTeam "Leoben"]

1.Nf3 Nf6 2.c4 g6 3.b3 Bg7 4.Bb2 O-O 5.g3 d6 6.d4 e5 7.dxe5 Ng4 8.Qd2 Nxe5 9.Nxe5
dxe5 10.Bg2 Nc6 11.O-O Qxd2 12.Nxd2 f5 13.Rfd1 Be6 14.Bxc6 bxc6 15.Nf3 e4 16.Bxg7
Kxg7 17.Nd4 Bd7 18.Nb5 cxb5 19.Rxd7+ Rf7 20.Rxf7+ Kxf7 21.cxb5 Ke7 22.Rc1 Kd7 23.Rc6
Rb8 24.Ra6 Rxb5 25.Rxa7 Rd5 26.h4 Rd1+ 27.Kg2 Rd2 28.e3 Kc6 29.b4 Kb6 30.Ra5 Rb2 31.a3
Rb3 32.h5 c6 33.h6 Rd3 34.Ra8 Kb5 35.Ra7 g5 36.Rxh7 Rxa3 37.Rb7+ Kc4 38.h7 Ra8 39.g4
fxg4 40.Kg3 Kd3 41.Kxg4 Ke2 42.Rf7 1-0

[Event "2. Bundesliga Mitte 2016/2017"]
[Site "Leoben, Wolfsberg/Taufkirchen/Fuerstenfeld, Grieskirchen, St. Veit"]
[Date "2016.10.09"]
[Round "3"]
[Board "1"]
[White "Schmidt, Peter"]
[Black "Kreisl, Robert"]
[Result "1/2-1/2"]
[WhiteElo "2383"]
[BlackElo "2426"]
[PlyCount "47"]
[EventDate "2016.10.07"]
[EventType "team"]
[EventRounds "11"]
[EventCountry "AUT"]
[WhiteTeam "SPG Sauwald"]
[BlackTeam "SC MPOE Maria Saal 2"]

1.Nf3 d5 2.g3 Nf6 3.Bg2 e6 4.O-O Be7 5.d4 O-O 6.c4 c6 7.Qc2 b6 8.Rd1 Nbd7 9.b3 Bb7
10.Nc3 Qc8 11.e4 Nxe4 12.Nxe4 dxe4 13.Qxe4 c5 14.d5 Bf6 15.Ng5 Bxg5 16.Bxg5 exd5 17.cxd5
h6 18.Bc1 Re8 19.Qf4 Ne5 20.Bb2 Ng6 21.Qf3 Ne5 22.Qf4 Ng6 23.Qf3 Ne5 24.Qf4 1/2-1/2

[Event "2. Bundesliga Mitte 2016/2017"]
[Site "Leoben, Wolfsberg/Taufkirchen/Fuerstenfeld, Grieskirchen, St. Veit"]
[Date "2016.10.09"]
[Round "3"]
[Board "2"]
[White "Halvax, Georg"]
[Black "Renner, Christoph"]
[Result "1-0"]
[WhiteElo "2429"]
[BlackElo "2343"]
[PlyCount "75"]
[EventDate "2016.10.07"]
[EventType "team"]
[EventRounds "11"]
[EventCountry "AUT"]
[WhiteTeam "SC MPOE Maria Saal 2"]
[BlackTeam "SPG Sauwald"]

1.e4 e6 2.d4 d5 3.Nc3 Nc6 4.Nf3 Nf6 5.e5 Ne4 6.Bd3 Bb4 7.Bd2 Nxd2 8.Qxd2 f6 9.a3 Bxc3
10.Qxc3 fxe5 11.dxe5 Bd7 12.h4 Qe7 13.Ng5 d4 14.Qc4 O-O-O 15.f4 h6 16.Ne4 g5 17.g3
gxf4 18.gxf4 Rhf8 19.Nf6 Rxf6 20.exf6 Qxf6 21.O-O-O Qxf4+ 22.Kb1 Ne5 23.Qc5 Nxd3 24.Rxd3
Bc6 25.Re1 Qxh4 26.Red1 Rd5 27.Qxa7 b6 28.Qa6+ Kd7 29.R3d2 e5 30.Rg2 Qe7 31.Rg8 Ra5
32.Qc8+ Kd6 33.Rg6+ Kd5 34.Qg8+ Ke4 35.Re1+ Kf5 36.Rf1+ Ke4 37.Rg4+ Ke3 38.Qb3+ 1-0

[Event "2. Bundesliga Mitte 2016/2017"]
[Site "Leoben, Wolfsberg/Taufkirchen/Fuerstenfeld, Grieskirchen, St. Veit"]
[Date "2016.10.09"]
[Round "3"]
[Board "3"]
[White "Testor, Sebastian"]
[Black "Tomazini, Zan"]
[Result "1-0"]
[WhiteElo "2303"]
[BlackElo "2389"]
[PlyCount "143"]
[EventDate "2016.10.07"]
[EventType "team"]
[EventRounds "11"]
[EventCountry "AUT"]
[WhiteTeam "SPG Sauwald"]
[BlackTeam "SC MPOE Maria Saal 2"]

1.d4 Nf6 2.c4 g6 3.Nc3 Bg7 4.e4 d6 5.Nf3 O-O 6.h3 e5 7.d5 a5 8.g4 Na6 9.Be3 Nd7 10.a3
f5 11.gxf5 gxf5 12.exf5 Nb6 13.Bd3 Bxf5 14.Bxf5 Rxf5 15.Nd2 Nc5 16.Qc2 Qd7 17.O-O-O
Raf8 18.Nce4 Nxe4 19.Nxe4 Nc8 20.Rhg1 Ne7 21.Rg4 Ng6 22.Rdg1 Kh8 23.Kb1 Rh5 24.Ng5
Qf5 25.Nxh7 Kxh7 26.Rxg6 Qxc2+ 27.Kxc2 Rf7 28.R1g3 e4 29.R6g5 Rxg5 30.Rxg5 Rf3 31.Rg3
Rf5 32.Rg4 Rh5 33.h4 Bf6 34.Bg5 Bxg5 35.hxg5 Rh2 36.Rxe4 Rxf2+ 37.Kb3 Kg6 38.Re7 a4+
39.Kxa4 Rxb2 40.Rxc7 Kxg5 41.Rf7 Rc2 42.Kb3 Rc1 43.Rf2 Rb1+ 44.Kc2 Rb6 45.Kc3 Ra6
46.Kb3 Kg6 47.a4 Rb6+ 48.Ka3 Rb1 49.a5 Ra1+ 50.Kb4 Rb1+ 51.Kc3 Rc1+ 52.Kd3 Rd1+ 53.Rd2
Rb1 54.Re2 Rd1+ 55.Kc3 Rc1+ 56.Kd3 Rd1+ 57.Kc2 Ra1 58.Re6+ Kf5 59.Rxd6 Rxa5 60.Kc3
Rc5 61.Kd4 Rc7 62.Re6 Rh7 63.Re1 Kf6 64.Kc5 Rc7+ 65.Kb5 Rc8 66.c5 Rd8 67.d6 Rc8 68.Kb6
Rc6+ 69.Kxb7 Rxc5 70.d7 Rd5 71.Kc6 Rd2 72.Re8 1-0

[Event "2. Bundesliga Mitte 2016/2017"]
[Site "Leoben, Wolfsberg/Taufkirchen/Fuerstenfeld, Grieskirchen, St. Veit"]
[Date "2016.10.09"]
[Round "3"]
[Board "4"]
[White "Rieger, Robert"]
[Black "Hellmayr, Alois"]
[Result "0-1"]
[WhiteElo "2320"]
[BlackElo "2202"]
[PlyCount "90"]
[EventDate "2016.10.07"]
[EventType "team"]
[EventRounds "11"]
[EventCountry "AUT"]
[WhiteTeam "SC MPOE Maria Saal 2"]
[BlackTeam "SPG Sauwald"]

1.e4 c5 2.Nf3 e6 3.d4 cxd4 4.Nxd4 Qb6 5.Nb3 a6 6.Nc3 Qc7 7.Qe2 b5 8.a3 Bb7 9.g3 Nf6
10.Bg2 d6 11.Be3 Be7 12.f4 Nc6 13.O-O O-O 14.h3 Rfe8 15.Qf2 Rab8 16.Bb6 Qc8 17.Rfd1
Ba8 18.a4 Nd7 19.Be3 Qc7 20.axb5 axb5 21.Qe2 Qb7 22.e5 d5 23.Nd4 Nxd4 24.Bxd4 b4 25.Na4
Rec8 26.c4 bxc3 27.bxc3 Qc7 28.Nb2 Nc5 29.Nd3 Ne4 30.Qe3 Bc6 31.Nf2 Nxf2 32.Qxf2 Bb5
33.f5 Ra8 34.Qe3 Bc4 35.f6 Bf8 36.fxg7 Bxg7 37.h4 Rcb8 38.Bf3 f6 39.Bg4 fxe5 40.Bxe6+
Kh8 41.Ba7 Rb5 42.Bb6 Rxa1 43.Bxc7 Rxd1+ 44.Kg2 Rb2+ 45.Kf3 Rd3 0-1

[Event "2. Bundesliga Mitte 2016/2017"]
[Site "Leoben, Wolfsberg/Taufkirchen/Fuerstenfeld, Grieskirchen, St. Veit"]
[Date "2016.10.09"]
[Round "3"]
[Board "5"]
[White "Hiermann, Dietmar"]
[Black "Tomazini, Aljosa"]
[Result "0-1"]
[WhiteElo "2238"]
[BlackElo "2387"]
[PlyCount "88"]
[EventDate "2016.10.07"]
[EventType "team"]
[EventRounds "11"]
[EventCountry "AUT"]
[WhiteTeam "SPG Sauwald"]
[BlackTeam "SC MPOE Maria Saal 2"]

1.e4 c5 2.Nf3 e6 3.d4 cxd4 4.Nxd4 Nc6 5.Be3 Qc7 6.Nd2 Nxd4 7.Bxd4 Nf6 8.e5 Nd5 9.Ne4
Be7 10.a3 O-O 11.c4 Nf4 12.Qd2 Ng6 13.Qc3 b6 14.g3 Bb7 15.f3 Bxe4 16.fxe4 Bc5 17.O-O-O
Bxd4 18.Rxd4 Nxe5 19.Be2 Rfc8 20.Kb1 Qb7 21.Qe3 Rc5 22.Qf4 Qc7 23.Rf1 f6 24.g4 Ng6
25.Qf2 e5 26.Rd2 Nf4 27.g5 fxg5 28.Qg3 Qc6 29.Qxg5 Qxe4+ 30.Ka1 d5 31.Bf3 Qxc4 32.Rg1
Ng6 33.Qf5 Rf8 34.Qe6+ Kh8 35.Bxd5 Qf4 36.Rdd1 Qf6 37.Qh3 Nf4 38.Qd7 Rd8 39.Rxg7 Rxd5
40.Rxh7+ Kg8 41.Rg1+ Ng6 42.Qh3 Rd1+ 43.Rxd1 Rxd1+ 44.Ka2 Qd6 0-1

[Event "2. Bundesliga Mitte 2016/2017"]
[Site "Leoben, Wolfsberg/Taufkirchen/Fuerstenfeld, Grieskirchen, St. Veit"]
[Date "2016.10.09"]
[Round "3"]
[Board "6"]
[White "Ertl, Johann"]
[Black "Taggatz, Mario"]
[Result "1-0"]
[WhiteElo "2299"]
[BlackElo "2174"]
[PlyCount "111"]
[EventDate "2016.10.07"]
[EventType "team"]
[EventRounds "11"]
[EventCountry "AUT"]
[WhiteTeam "SC MPOE Maria Saal 2"]
[BlackTeam "SPG Sauwald"]

1.e4 e6 2.d4 d5 3.Nd2 c5 4.exd5 exd5 5.Ngf3 Nf6 6.Bb5+ Bd7 7.Bxd7+ Nbxd7 8.O-O Be7
9.dxc5 Nxc5 10.Nb3 Nce4 11.Nfd4 Qd7 12.f3 Nd6 13.Nc5 Qc8 14.Nd3 O-O 15.Re1 Bd8 16.Bf4
Bb6 17.Bxd6 Bxd4+ 18.Kh1 Re8 19.Qd2 Re6 20.Bg3 Nh5 21.Bf2 Rxe1+ 22.Rxe1 Bxf2 23.Qxf2
Nf6 24.Re7 Qc4 25.Rxf7 Qxa2 26.Rxb7 Qb1+ 27.Qe1 Qxe1+ 28.Nxe1 Re8 29.Nd3 Re2 30.Rc7
d4 31.Rc5 Rd2 32.Kg1 Kf7 33.Kf1 g5 34.h4 h6 35.hxg5 hxg5 36.Rxg5 Rxc2 37.Ke1 Ke6 38.Rc5
Rxg2 39.Nf4+ Kd6 40.Rf5 Rxb2 41.Rxf6+ Ke5 42.Rf8 Rh2 43.Nd3+ Kd5 44.Rd8+ Kc4 45.Ne5+
Kc5 46.Ra8 Kd5 47.Nd3 Kc4 48.Nf2 Rh7 49.Ke2 Rb7 50.Ne4 Rb2+ 51.Nd2+ Kc3 52.Rc8+ Kb4
53.Kd3 Ra2 54.Rb8+ Kc5 55.Nb3+ Kd5 56.Rb5+ 1-0

[Event "2. Bundesliga Mitte 2016/2017"]
[Site "Leoben, Wolfsberg/Taufkirchen/Fuerstenfeld, Grieskirchen, St. Veit"]
[Date "2016.10.09"]
[Round "3"]
[Board "1"]
[White "Fahrner, Kurt"]
[Black "Pilaj, Herwig"]
[Result "0-1"]
[WhiteElo "2276"]
[BlackElo "2390"]
[PlyCount "66"]
[EventDate "2016.10.07"]
[EventType "team"]
[EventRounds "11"]
[EventCountry "AUT"]
[WhiteTeam "ESV Austria Graz"]
[BlackTeam "SC DieKlagenfurter"]

1.d4 c5 2.d5 g6 3.e4 Bg7 4.Nf3 d6 5.h3 Nf6 6.Nc3 O-O 7.Be2 b5 8.Nd2 b4 9.Ncb1 e6 10.dxe6
Bxe6 11.a3 Nc6 12.axb4 cxb4 13.O-O a5 14.c4 Nd7 15.Ra2 Nc5 16.b3 a4 17.bxa4 Nd4 18.Nf3
Nxf3+ 19.gxf3 Bxh3 20.Re1 b3 21.Ra3 Re8 22.Bf4 Be5 23.Bg3 Qb6 24.Kh2 Nxe4 25.Bxe5
Qxf2+ 26.Kxh3 Rxe5 27.fxe4 Rxe4 28.Bg4 Rxe1 29.Qf3 Re3 30.Rxb3 Rxf3+ 31.Bxf3 Rxa4
32.Bd5 Ra1 33.Rf3 Qxf3+ 0-1

[Event "2. Bundesliga Mitte 2016/2017"]
[Site "Leoben, Wolfsberg/Taufkirchen/Fuerstenfeld, Grieskirchen, St. Veit"]
[Date "2016.10.09"]
[Round "3"]
[Board "2"]
[White "Wertjanz, David"]
[Black "Karner, Christoph"]
[Result "1-0"]
[WhiteElo "2298"]
[BlackElo "2283"]
[PlyCount "83"]
[EventDate "2016.10.07"]
[EventType "team"]
[EventRounds "11"]
[EventCountry "AUT"]
[WhiteTeam "SC DieKlagenfurter"]
[BlackTeam "ESV Austria Graz"]

1.Nf3 Nf6 2.b3 g6 3.Bb2 Bg7 4.g3 c5 5.Bg2 Nc6 6.c4 O-O 7.O-O d6 8.d3 e5 9.Nc3 Bf5
10.Nd2 Qd7 11.Nd5 Bh3 12.f4 Nxd5 13.cxd5 Bxg2 14.Kxg2 Nb4 15.Nc4 b5 16.Ne3 exf4 17.Bxg7
Kxg7 18.Rxf4 Rae8 19.a3 Rxe3 20.axb4 Rfe8 21.Ra2 R8e7 22.Rf2 Qb7 23.Qa1+ Kg8 24.Kg1
Qxd5 25.Rxa7 Rxa7 26.Qxa7 Qxb3 27.Qb8+ Kg7 28.Qxd6 Re6 29.Qd7 Re5 30.bxc5 Qd5 31.Qc7
Re8 32.c6 Ra8 33.e4 Qe6 34.Qb7 Ra1+ 35.Kg2 Rc1 36.c7 Kh6 37.Qb8 Qd7 38.Qf8+ Kh5 39.Qd8
Qg4 40.h3 Rg1+ 41.Kxg1 Qxg3+ 42.Kf1 1-0

[Event "2. Bundesliga Mitte 2016/2017"]
[Site "Leoben, Wolfsberg/Taufkirchen/Fuerstenfeld, Grieskirchen, St. Veit"]
[Date "2016.10.09"]
[Round "3"]
[Board "3"]
[White "Kotz, Heinz Peter"]
[Black "Genser, Harald"]
[Result "1/2-1/2"]
[WhiteElo "2267"]
[BlackElo "2304"]
[PlyCount "79"]
[EventDate "2016.10.07"]
[EventType "team"]
[EventRounds "11"]
[EventCountry "AUT"]
[WhiteTeam "ESV Austria Graz"]
[BlackTeam "SC DieKlagenfurter"]

1.Nf3 d5 2.g3 Nf6 3.Bg2 c6 4.O-O Bf5 5.d3 h6 6.Nbd2 e6 7.b3 Be7 8.Bb2 O-O 9.c4 Nbd7
10.Qc2 a5 11.a3 Bh7 12.Bc3 b5 13.cxb5 cxb5 14.b4 axb4 15.axb4 Qb6 16.Qb2 Ra4 17.Ra3
Rfa8 18.Rfa1 Ne8 19.e4 dxe4 20.dxe4 Bf8 21.Qb3 Rxa3 22.Rxa3 Rxa3 23.Qxa3 Nd6 24.Nd4
e5 25.Nc2 Qc6 26.f3 f5 27.exf5 Qb6+ 28.Kh1 Bxf5 29.Ne4 Bxe4 30.fxe4 Qf2 31.Qc1 Nc4
32.Na3 Nxa3 33.Qxa3 Nf6 34.Qc1 Ng4 35.Qd2 Qxd2 36.Bxd2 Nf2+ 37.Kg1 Nd3 38.Bf1 Bxb4
39.Bxd3 Bxd2 40.Bxb5 1/2-1/2

[Event "2. Bundesliga Mitte 2016/2017"]
[Site "Leoben, Wolfsberg/Taufkirchen/Fuerstenfeld, Grieskirchen, St. Veit"]
[Date "2016.10.09"]
[Round "3"]
[Board "4"]
[White "Petschar, Kurt"]
[Black "Spindelboeck, Gernot"]
[Result "1/2-1/2"]
[WhiteElo "2288"]
[BlackElo "2296"]
[PlyCount "113"]
[EventDate "2016.10.07"]
[EventType "team"]
[EventRounds "11"]
[EventCountry "AUT"]
[WhiteTeam "SC DieKlagenfurter"]
[BlackTeam "ESV Austria Graz"]

1.c4 Nf6 2.Nc3 e6 3.Nf3 Bb4 4.Qc2 O-O 5.a3 Bxc3 6.Qxc3 c5 7.e3 b6 8.Be2 Bb7 9.O-O
d6 10.b4 Nbd7 11.Bb2 Qe7 12.d4 Ne4 13.Qb3 Rab8 14.Rad1 f5 15.dxc5 bxc5 16.Ne1 Rbd8
17.f3 Ng5 18.Nd3 e5 19.bxc5 Nxc5 20.Nxc5 dxc5 21.Rxd8 Rxd8 22.Rd1 Rxd1+ 23.Qxd1 Nf7
24.Qd3 g6 25.Qc3 Kf8 26.Qa5 a6 27.a4 Nd8 28.Qb6 Ke8 29.a5 f4 30.exf4 exf4 31.Kf1 Kf7
32.Bd3 Ne6 33.Be5 Qd7 34.Ke2 Ke7 35.h4 Kf7 36.h5 Qe7 37.hxg6+ hxg6 38.Kd2 Qd7 39.Kc3
g5 40.Bf5 Qc6 41.Qb1 Bc8 42.Bg4 Nf8 43.Qb6 Bb7 44.Qxc6 Bxc6 45.Bc8 Ke7 46.Bxa6 Ng6
47.Bb8 Nh4 48.Bc8 Nxg2 49.a6 Nh4 50.Bb7 Kd7 51.Ba7 Nxf3 52.Bxc6+ Kxc6 53.Bxc5 g4 54.Bd6
g3 55.Bxf4 g2 56.Be3 g1=Q 57.Bxg1 1/2-1/2

[Event "2. Bundesliga Mitte 2016/2017"]
[Site "Leoben, Wolfsberg/Taufkirchen/Fuerstenfeld, Grieskirchen, St. Veit"]
[Date "2016.10.09"]
[Round "3"]
[Board "5"]
[White "Ebner, Hubert"]
[Black "Titz, Heimo"]
[Result "1/2-1/2"]
[WhiteElo "2247"]
[BlackElo "2172"]
[PlyCount "90"]
[EventDate "2016.10.07"]
[EventType "team"]
[EventRounds "11"]
[EventCountry "AUT"]
[WhiteTeam "ESV Austria Graz"]
[BlackTeam "SC DieKlagenfurter"]

1.c4 c5 2.Nf3 Nf6 3.Nc3 b6 4.g3 Bb7 5.Bg2 e6 6.O-O Be7 7.d4 cxd4 8.Qxd4 O-O 9.Rd1
d6 10.b3 Nbd7 11.e4 Qb8 12.Ba3 Nc5 13.e5 dxe5 14.Qxe5 Bxf3 15.Qxb8 Raxb8 16.Bxf3 Rfd8
17.Nb5 a5 18.Nd4 Kf8 19.Nc6 Rxd1+ 20.Rxd1 Rc8 21.Kf1 h5 22.h4 g6 23.Ke2 Rc7 24.Ke3
Ng4+ 25.Bxg4 Rxc6 26.Bf3 Rc7 27.Ke2 Nd7 28.Bb2 Bc5 29.Bc6 Rxc6 30.Rxd7 e5 31.f3 Re6
32.Bc1 Ke8 33.Rd5 e4 34.fxe4 Rxe4+ 35.Kf3 Re6 36.Bg5 f6 37.Bd2 Ke7 38.Bxa5 Re3+ 39.Kf4
Re2 40.Bd2 Rf2+ 41.Ke4 f5+ 42.Ke5 Re2+ 43.Kf4 Rf2+ 44.Ke5 Re2+ 45.Kf4 Rf2+ 1/2-1/2

[Event "2. Bundesliga Mitte 2016/2017"]
[Site "Leoben, Wolfsberg/Taufkirchen/Fuerstenfeld, Grieskirchen, St. Veit"]
[Date "2016.10.09"]
[Round "3"]
[Board "6"]
[White "Jakits, Leopold"]
[Black "Aschenbrenner, Robert"]
[Result "1-0"]
[WhiteElo "2135"]
[BlackElo "2201"]
[PlyCount "73"]
[EventDate "2016.10.07"]
[EventType "team"]
[EventRounds "11"]
[EventCountry "AUT"]
[WhiteTeam "SC DieKlagenfurter"]
[BlackTeam "ESV Austria Graz"]

1.c4 e5 2.g3 Nf6 3.Bg2 d5 4.cxd5 Nxd5 5.Nc3 Nb6 6.Nf3 Nc6 7.a3 Be7 8.O-O O-O 9.b4
Re8 10.d3 Bf8 11.Bb2 g6 12.Ne4 Bg7 13.Qc2 Nd5 14.e3 a6 15.Rfd1 Bg4 16.h3 Bxf3 17.Bxf3
Rb8 18.Nc5 Qd6 19.Rac1 Nce7 20.d4 exd4 21.Bxd4 Bxd4 22.Rxd4 c6 23.e4 Qf6 24.Qd1 Nb6
25.a4 Qg5 26.h4 Qh6 27.a5 Nbc8 28.Nd7 Na7 29.Nxb8 Rxb8 30.Rd8+ Rxd8 31.Qxd8+ Qf8 32.Rd1
c5 33.Qb6 Nac6 34.bxc5 Qc8 35.Kg2 h5 36.Rb1 Nd4 37.Qf6 1-0

[Event "2. Bundesliga Mitte 2016/2017"]
[Site "Leoben, Wolfsberg/Taufkirchen/Fuerstenfeld, Grieskirchen, St. Veit"]
[Date "2016.10.09"]
[Round "3"]
[Board "1"]
[White "Horvath, Adam"]
[Black "Haba, Petr"]
[Result "1/2-1/2"]
[WhiteElo "2478"]
[BlackElo "2457"]
[PlyCount "58"]
[EventDate "2016.10.07"]
[EventType "team"]
[EventRounds "11"]
[EventCountry "AUT"]
[WhiteTeam "RbEJ Gleisdorf"]
[BlackTeam "Spg. Grieskirchen/Schallerbach"]

1.e4 e6 2.d4 d5 3.Nd2 c5 4.exd5 Qxd5 5.Ngf3 cxd4 6.Bc4 Qd7 7.O-O Nc6 8.Nb3 Nf6 9.Nbxd4
Nxd4 10.Nxd4 a6 11.c3 Bc5 12.Bg5 Bxd4 13.cxd4 b5 14.Bxf6 gxf6 15.Bb3 Bb7 16.d5 Bxd5
17.Bxd5 Qxd5 18.Qxd5 exd5 19.Rac1 O-O 20.Rfd1 Rac8 21.Kf1 Rfe8 22.b3 b4 23.Rxc8 Rxc8
24.Rxd5 Rc1+ 25.Ke2 Rc2+ 26.Rd2 Rc1 27.Rd5 Rc2+ 28.Rd2 Rc1 29.Rd5 Rc2+ 1/2-1/2

[Event "2. Bundesliga Mitte 2016/2017"]
[Site "Leoben, Wolfsberg/Taufkirchen/Fuerstenfeld, Grieskirchen, St. Veit"]
[Date "2016.10.09"]
[Round "3"]
[Board "2"]
[White "Kilgus, Georg"]
[Black "Frosch, Ronald"]
[Result "0-1"]
[WhiteElo "2391"]
[BlackElo "2273"]
[PlyCount "94"]
[EventDate "2016.10.07"]
[EventType "team"]
[EventRounds "11"]
[EventCountry "AUT"]
[WhiteTeam "Spg. Grieskirchen/Schallerbach"]
[BlackTeam "RbEJ Gleisdorf"]

1.d4 d5 2.c4 c6 3.cxd5 cxd5 4.Bf4 Nc6 5.e3 Nf6 6.Nc3 e6 7.Bb5 Bd7 8.Nf3 Be7 9.h3 O-O
10.O-O Rc8 11.Qe2 Qa5 12.Rfc1 Ne4 13.Bd3 f5 14.a3 Qd8 15.Ne5 Nxe5 16.Bxe5 Bf6 17.Bxf6
Qxf6 18.Na2 e5 19.Rxc8 Rxc8 20.Bxe4 dxe4 21.Rd1 Ba4 22.Rd2 Bb3 23.Nc3 Bc4 24.Qd1 Bd3
25.Qb3+ Qf7 26.Qxf7+ Kxf7 27.dxe5 Ke6 28.f4 b5 29.Kf2 a5 30.g4 fxg4 31.hxg4 b4 32.axb4
axb4 33.Ne2 Kd5 34.Nd4 g5 35.Nf5 Rc1 36.Ng3 Rb1 37.Kg2 Re1 38.Kf2 Rb1 39.Kg2 Re1 40.Kf2
Rb1 41.Nh5 gxf4 42.exf4 Kd4 43.Kg2 e3 44.Rxd3+ Kxd3 45.f5 e2 46.Nf4+ Ke4 47.Nxe2 Kxe5 0-1

[Event "2. Bundesliga Mitte 2016/2017"]
[Site "Leoben, Wolfsberg/Taufkirchen/Fuerstenfeld, Grieskirchen, St. Veit"]
[Date "2016.10.09"]
[Round "3"]
[Board "3"]
[White "Manhardt, Thomas"]
[Black "Schwabeneder, Florian"]
[Result "1/2-1/2"]
[WhiteElo "2226"]
[BlackElo "2362"]
[PlyCount "75"]
[EventDate "2016.10.07"]
[EventType "team"]
[EventRounds "11"]
[EventCountry "AUT"]
[WhiteTeam "RbEJ Gleisdorf"]
[BlackTeam "Spg. Grieskirchen/Schallerbach"]

1.e4 d5 2.exd5 Qxd5 3.Nf3 Bg4 4.Be2 Nc6 5.d4 O-O-O 6.Be3 e5 7.c4 Qa5+ 8.Bd2 Bb4 9.d5
Bxf3 10.Bxf3 Bxd2+ 11.Nxd2 Nd4 12.O-O Nf6 13.Nb3 Nxf3+ 14.Qxf3 Qb4 15.Rac1 Rhe8 16.Rfe1
Kb8 17.h3 Qd6 18.Na5 Qb4 19.Qc3 Qxc3 20.Rxc3 Rd6 21.b4 Kc8 22.Rce3 Nd7 23.Nb3 c6 24.dxc6
Rxc6 25.c5 Rf6 26.Nd2 Ra6 27.a3 Kc7 28.Nc4 f6 29.Nd6 Rd8 30.Rd1 Nf8 31.Red3 Ne6 32.Nb5+
Kc8 33.Rxd8+ Nxd8 34.Nd6+ Kc7 35.Rd3 Ne6 36.Ne8+ Kc8 37.Nd6+ Kc7 38.Ne8+ 1/2-1/2